Kỹ thuật nuôi ong nội
Sách phổ biến kiến thức và kinh nghiệm loài nuôi ong Apis Cerana. Nội dung sách tương đối sát với thực tiễn nuôi ong ở nước ta, kết hợp được những tri thức khoa học tiên tiến với kinh nghiệm nuôi ong lâu đời của nhân dân...
Bewaard in:
| Hoofdauteur: | |
|---|---|
| Formaat: | Boek |
| Taal: | Undetermined |
| Gepubliceerd in: |
Hà Nội
Nông nghiệp
1998
|
| Onderwerpen: | |
| Tags: |
Voeg label toe
Geen labels, Wees de eerste die dit record labelt!
|
| Thư viện lưu trữ: | Trung tâm Học liệu Trường Đại học Cần Thơ |
|---|
| LEADER | 00891nam a2200205Ia 4500 | ||
|---|---|---|---|
| 001 | CTU_36180 | ||
| 008 | 210402s9999 xx 000 0 und d | ||
| 020 | |b 10.000đ | ||
| 082 | |a 638.1 | ||
| 082 | |b Th116/1998 | ||
| 100 | |a Ngô Đắc Thắng | ||
| 245 | 0 | |a Kỹ thuật nuôi ong nội | |
| 245 | 0 | |c Ngô Đắc Thắng | |
| 260 | |a Hà Nội | ||
| 260 | |b Nông nghiệp | ||
| 260 | |c 1998 | ||
| 520 | |a Sách phổ biến kiến thức và kinh nghiệm loài nuôi ong Apis Cerana. Nội dung sách tương đối sát với thực tiễn nuôi ong ở nước ta, kết hợp được những tri thức khoa học tiên tiến với kinh nghiệm nuôi ong lâu đời của nhân dân | ||
| 650 | |a bee culture | ||
| 904 | |i Minh, 000419 | ||
| 980 | |a Trung tâm Học liệu Trường Đại học Cần Thơ | ||